Významné české události - kdy se staly? - Statistics

General Stats
  • This quiz has been taken 42 times
  • The average score is 15 of 21
Answer Stats
Událost Rok % Correct
Zlatá bula sicilská 1212
97%
Sametová revoluce 1989
97%
Vznik Československa 1918
90%
Vstup do EU 2004
90%
Založena Charta 77 1977
87%
Vznik samostatné České republiky 1993
87%
Mnichovská dohoda 1938
81%
Upálení Jana Husa 1415
77%
Bitva na Bílé hoře 1620
77%
Invaze vojsk Varšavské smlouvy do Československa 1968
77%
Vítězný únor (převzetí moci komunisty) 1948
74%
Založení Univerzity Karlovy 1348
71%
Upálení Jana Palacha 1969
71%
Vstup do NATO 1999
71%
Příchod Cyrila a Metoděje na Velkou Moravu 863
71%
První přímo zvolený prezident zahájil úřad 2013
58%
Poprvé je možné se přepravovat vlaky společnosti RegioJet 2010
52%
Bitva u Slavkova 1805
48%
Marie Terezie zavádí povinnou školní docházku 1774
39%
Vražda svatého Václava 929/935
35%
Založeny Baťovy závody 1894
32%
No matching quizzes found
Score Distribution
Percent of People with Each Score
Percentile by Number Answered
Your Score History
You have not taken this quiz